00543nam a2200169Ia 4500001000500000003000500005005001700010008004100027010001100068040000900079100007500088245011600163260002600279300001000305650002600315650003200341Z_36CHAP20220920193743.0220113s1987 xx 000 0 und d a163002 cCHAP aGroupement National Interprofessionnel des Semences et Plants. París aLes prairies especes (Gramíneas et legumineuses) et des varietes inscrites au catalogue francais /cpar GNIS aParis :bGNIS,c1987 a12 p. aGramíneasxFrancia  aLegumbresxVariedades I. t.